| Tag |
First Indicator |
Second Indicator |
Subfields |
| LEADER |
00000cem a2200000 i 4500 |
| 001 |
in00004093545 |
| 005 |
20211120104442.0 |
| 006 |
m o d f |
| 007 |
aj aznzn |
| 007 |
cr bn||||||||| |
| 008 |
200312s1981 nyuag a fo 0 eng c |
| 034 |
1 |
|
|a a
|b 24000
|d W0755230
|e W0754500
|f N0433000
|g N0432230
|
| 035 |
|
|
|a (OCoLC)on1144176333
|
| 042 |
|
|
|a pcc
|
| 043 |
|
|
|a n-us-ny
|
| 040 |
|
|
|a GPO
|b eng
|e rda
|e pn
|c GPO
|d MvI
|
| 049 |
|
|
|a WWW
|
| 052 |
|
|
|a 3803
|b 07
|
| 074 |
|
|
|a 0624-H (online)
|
| 086 |
0 |
|
|a I 19.76:81-147
|
| 110 |
2 |
|
|a Geological Survey (U.S.),
|e cartographer.
|
| 245 |
1 |
0 |
|a Surificial geology of part of Westdale quadrangle, Oswego County, New York /
|c by Todd S. Miller ; prepared in cooperation with the Oswego County Planning Board.
|
| 246 |
3 |
|
|a Surficial geology of part of Westdale quadrangle, Oswego County, New York
|
| 255 |
|
|
|a Scale 1:24,000
|c (W 75⁰52ʹ30ʺ--W 75⁰45ʹ00ʺ/N 43⁰30ʹ00ʺ--N 43⁰22ʹ30ʺ).
|
| 264 |
|
1 |
|a [Albany, N.Y.] :
|b Department of the Interior, U.S. Geological Survey,
|c 1981.
|
| 300 |
|
|
|a 1 online resources (1 map).
|
| 336 |
|
|
|a cartographic image
|b cri
|2 rdacontent
|
| 337 |
|
|
|a computer
|b c
|2 rdamedia
|
| 338 |
|
|
|a online resource
|b cr
|2 rdacarrier
|
| 490 |
1 |
|
|a Water resources investigations
|
| 490 |
1 |
|
|a Open-file report ;
|v 81-147
|
| 500 |
|
|
|a Relief shown by contours and spot heights.
|
| 500 |
|
|
|a Base from USGS, 1954; geology, 1979.
|
| 500 |
|
|
|a "Contour interval 10 feet."
|
| 500 |
|
|
|a "UTM grid."
|
| 500 |
|
|
|a Includes location map.
|
| 588 |
|
|
|a Description based on online resource; title from PDF title page (USGS, viewed March 12, 2020).
|
| 650 |
|
0 |
|a Geology
|z New York (State)
|z Oswego County
|v Maps.
|
| 650 |
|
0 |
|a Groundwater
|z New York (State)
|z Oswego County
|v Maps.
|
| 650 |
|
7 |
|a Geology.
|2 fast
|0 (OCoLC)fst00940627
|
| 650 |
|
7 |
|a Groundwater.
|2 fast
|0 (OCoLC)fst00948209
|
| 651 |
|
7 |
|a New York (State)
|z Oswego County.
|2 fast
|0 (OCoLC)fst01208853
|
| 655 |
|
7 |
|a Maps.
|2 fast
|0 (OCoLC)fst01423704
|
| 700 |
1 |
|
|a Miller, Todd S.,
|e cartographer.
|
| 710 |
2 |
|
|a Oswego County Planning Board.
|
| 776 |
0 |
8 |
|i Print version:
|a Miller, Todd S.
|t Surificial [i.e. surficial] geology of part of Westdale quadrangle, Oswego County, New York
|w (OCoLC)7516513
|
| 830 |
|
0 |
|a Water resources investigations (Unnumbered)
|
| 830 |
|
0 |
|a Open-file report (Geological Survey (U.S.)) ;
|v 81-147.
|
| 856 |
4 |
0 |
|u https://purl.fdlp.gov/GPO/gpo133140
|t 0
|
| 999 |
f |
f |
|s 3ab31626-a0d3-3f8b-b293-d861814ad9d8
|i b602a324-c1c2-38c4-bb2e-036f17fed9c0
|t 0
|
| 952 |
f |
f |
|a Texas A&M University
|b College Station
|c Electronic Resources
|d Available Online
|t 0
|e I 19.76:81-147
|h Superintendent of Documents classification
|
| 998 |
f |
f |
|a I 19.76:81-147
|t 0
|l Available Online
|